000 00852nam a2200193 a 4500
001 000034575
005 20200930073757.0
008 111010s1841 sp 000 0 spa d
040 _aDO-SdBNP
_bspa
_cBNPHU
082 _axxxx
_bE77r
110 1 _aEspaña.
_94524
240 1 0 _a[Leyes etc.]
245 1 0 _aRecopilación de leyes de los reinos de las indias mandada imprimir y publicar por la Magestad católica del rey don Carlos II. nuestro señor, va dividida en cuatro tomos, con el índice general, y al principio de cada tomo el especial de los títulos que contiene.
250 _a5a ed.
_bCon aprobacion de la regencia provisional del reino. Corregida y aprobada por la Sala de Indias del Tribunal Supremo de Justica.
260 _aMadrid :
_bBoix,
_c1841.
300 _av. ;
_c31 cm.
500 _aLa biblioteca posee el v. 3
049 _aBNGR
999 _c34066
_d34066